<?xml version="1.0" encoding="UTF-8"?>
<record
    xmlns:xsi="http://www.w3.org/2001/XMLSchema-instance"
    xsi:schemaLocation="http://www.loc.gov/MARC21/slim http://www.loc.gov/standards/marcxml/schema/MARC21slim.xsd"
    xmlns="http://www.loc.gov/MARC21/slim">

  <leader>01011nam a2200313 a 4500</leader>
  <controlfield tag="001">000025204</controlfield>
  <controlfield tag="003">DO-SdBNP</controlfield>
  <controlfield tag="005">20180322091420.0</controlfield>
  <controlfield tag="007">000025204</controlfield>
  <controlfield tag="008">110211s2005   dr a          000 0 spa d</controlfield>
  <datafield tag="020" ind1=" " ind2=" ">
    <subfield code="a">9993483478</subfield>
  </datafield>
  <datafield tag="040" ind1=" " ind2=" ">
    <subfield code="a">BPMUS</subfield>
    <subfield code="b">spa</subfield>
    <subfield code="c">BPMUS</subfield>
  </datafield>
  <datafield tag="082" ind1="0" ind2="4">
    <subfield code="a">920.72</subfield>
    <subfield code="b">S551C 2005</subfield>
  </datafield>
  <datafield tag="100" ind1="1" ind2=" ">
    <subfield code="a">Cass&#xE1;, Roberto</subfield>
  </datafield>
  <datafield tag="245" ind1="1" ind2="0">
    <subfield code="a">Mar&#xED;a Trinidad S&#xE1;nchez :</subfield>
    <subfield code="b">la hero&#xED;na de febrero /</subfield>
    <subfield code="c">Roberto Cass&#xE1; ; ilustraciones Ramiro Manzano.</subfield>
  </datafield>
  <datafield tag="250" ind1=" " ind2=" ">
    <subfield code="a">2a ed.</subfield>
  </datafield>
  <datafield tag="260" ind1=" " ind2=" ">
    <subfield code="a">Santo Domingo :</subfield>
    <subfield code="b">Tobog&#xE1;n,</subfield>
    <subfield code="c">2005</subfield>
  </datafield>
  <datafield tag="300" ind1=" " ind2=" ">
    <subfield code="a">49 p. :</subfield>
    <subfield code="b">il. ;</subfield>
    <subfield code="c">21 cm.</subfield>
  </datafield>
  <datafield tag="490" ind1=" " ind2=" ">
    <subfield code="a">Biograf&#xED;as dominicanas Tobog&#xE1;n </subfield>
  </datafield>
  <datafield tag="504" ind1=" " ind2=" ">
    <subfield code="a">Bibliograf&#xED;a : p. 49</subfield>
  </datafield>
  <datafield tag="600" ind1=" " ind2=" ">
    <subfield code="a">S&#xC1;NCHEZ, MAR&#xCD;A TRINIDAD,</subfield>
    <subfield code="d">1784-1845</subfield>
  </datafield>
  <datafield tag="651" ind1=" " ind2="4">
    <subfield code="a">REP&#xDA;BLICA DOMINICANA </subfield>
    <subfield code="y">BIOGRAF&#xCD;AS</subfield>
  </datafield>
  <datafield tag="700" ind1="1" ind2=" ">
    <subfield code="a">Manzano, Ramiro,</subfield>
    <subfield code="e">il.</subfield>
  </datafield>
  <datafield tag="830" ind1=" " ind2="0">
    <subfield code="p">Biograf&#xED;as dominicanas Tobog&#xE1;n </subfield>
  </datafield>
  <datafield tag="910" ind1=" " ind2=" ">
    <subfield code="a">Validado. Control de calidad MFF</subfield>
  </datafield>
  <datafield tag="942" ind1=" " ind2=" ">
    <subfield code="2">ddc</subfield>
    <subfield code="c">BK</subfield>
  </datafield>
  <datafield tag="945" ind1=" " ind2=" ">
    <subfield code="a">Remanejado para la BNPHU, 2018 VM</subfield>
  </datafield>
  <datafield tag="952" ind1=" " ind2=" ">
    <subfield code="0">0</subfield>
    <subfield code="1">0</subfield>
    <subfield code="2">ddc</subfield>
    <subfield code="4">0</subfield>
    <subfield code="7">0</subfield>
    <subfield code="8">CD</subfield>
    <subfield code="a">BPMET</subfield>
    <subfield code="b">BPMET</subfield>
    <subfield code="d">2015-09-07</subfield>
    <subfield code="l">0</subfield>
    <subfield code="o">920.72 S551C, 2005</subfield>
    <subfield code="p">BPMSU15090003</subfield>
    <subfield code="r">2015-09-07</subfield>
    <subfield code="w">2015-09-07</subfield>
    <subfield code="y">BK</subfield>
  </datafield>
  <datafield tag="952" ind1=" " ind2=" ">
    <subfield code="0">0</subfield>
    <subfield code="1">0</subfield>
    <subfield code="2">ddc</subfield>
    <subfield code="4">0</subfield>
    <subfield code="7">0</subfield>
    <subfield code="8">CD</subfield>
    <subfield code="a">BPMET</subfield>
    <subfield code="b">BPMET</subfield>
    <subfield code="d">2015-09-07</subfield>
    <subfield code="l">0</subfield>
    <subfield code="o">920.72  S551C, 2005</subfield>
    <subfield code="p">BPMSU15090004</subfield>
    <subfield code="r">2015-09-07</subfield>
    <subfield code="t">e. 2</subfield>
    <subfield code="w">2015-09-07</subfield>
    <subfield code="y">BK</subfield>
  </datafield>
  <datafield tag="952" ind1=" " ind2=" ">
    <subfield code="0">0</subfield>
    <subfield code="1">0</subfield>
    <subfield code="2">ddc</subfield>
    <subfield code="4">0</subfield>
    <subfield code="7">0</subfield>
    <subfield code="8">CD</subfield>
    <subfield code="a">BPMET</subfield>
    <subfield code="b">BPMET</subfield>
    <subfield code="d">2015-09-07</subfield>
    <subfield code="l">0</subfield>
    <subfield code="o">920.72 S551C, 2005</subfield>
    <subfield code="p">BPMSU15090005</subfield>
    <subfield code="r">2015-09-07</subfield>
    <subfield code="t">e. 3</subfield>
    <subfield code="w">2015-09-07</subfield>
    <subfield code="y">BK</subfield>
  </datafield>
  <datafield tag="956" ind1=" " ind2=" ">
    <subfield code="a">VMATEO</subfield>
    <subfield code="b">10</subfield>
    <subfield code="c">20150907</subfield>
    <subfield code="l">BPMSU</subfield>
    <subfield code="h">00151</subfield>
  </datafield>
  <datafield tag="999" ind1=" " ind2=" ">
    <subfield code="c">7465</subfield>
    <subfield code="d">7465</subfield>
  </datafield>
</record>
